All Everton Premier League Players Ever - Statistics

General Stats
  • This quiz has been taken 51 times
  • The average score is 419 of 844
Answer Stats
% Correct
2006/07 United States Tim Howard 36
97%
2007/08 United States Tim Howard 36
97%
2008/09 United States Tim Howard 38
97%
2009/10 United States Tim Howard 38
97%
2010/11 United States Tim Howard 38
97%
2011/12 United States Tim Howard 38
97%
2012/13 United States Tim Howard 36
97%
2013/14 United States Tim Howard 37
97%
2014/15 United States Tim Howard 32
97%
2015/16 United States Tim Howard 25
97%
2009/10 Ireland Seamus Coleman 3
95%
2010/11 Ireland Seamus Coleman 34
95%
2011/12 Ireland Seamus Coleman 18
95%
2012/13 Ireland Seamus Coleman 26
95%
2013/14 Ireland Seamus Coleman 36
95%
2014/15 Ireland Seamus Coleman 35
95%
2015/16 Ireland Seamus Coleman 28
95%
2016/17 Ireland Seamus Coleman 26
95%
2017/18 Ireland Seamus Coleman 12
95%
2018/19 Ireland Seamus Coleman 29
95%
2019/20 Ireland Seamus Coleman 27
95%
2020/21 Ireland Seamus Coleman 25
95%
2021/22 Ireland Seamus Coleman 30
95%
2022/23 Ireland Seamus Coleman 23
95%
2017/18 England Jordan Pickford 38
92%
2018/19 England Jordan Pickford 38
92%
2019/20 England Jordan Pickford 38
92%
2020/21 England Jordan Pickford 31
92%
2021/22 England Jordan Pickford 35
92%
2022/23 England Jordan Pickford 37
92%
2002/03 England Wayne Rooney 33
89%
2003/04 England Wayne Rooney 34
89%
2017/18 England Wayne Rooney 31
89%
2020/21 Colombia James Rodriguez 23
87%
2007/08 England Leighton Baines 22
87%
2008/09 England Leighton Baines 31
87%
2009/10 England Leighton Baines 37
87%
2010/11 England Leighton Baines 38
87%
2011/12 England Leighton Baines 33
87%
2012/13 England Leighton Baines 38
87%
2013/14 England Leighton Baines 32
87%
2014/15 England Leighton Baines 31
87%
2015/16 England Leighton Baines 18
87%
2016/17 England Leighton Baines 32
87%
2017/18 England Leighton Baines 22
87%
2018/19 England Leighton Baines 6
87%
2019/20 England Leighton Baines 8
87%
2019/20 Italy Moise Kean 29
87%
2020/21 Italy Moise Kean 2
87%
2021/22 Italy Moise Kean 1
87%
2013/14 Belgium Romelu Lukaku 31
87%
2014/15 Belgium Romelu Lukaku 36
87%
2015/16 Belgium Romelu Lukaku 37
87%
2016/17 Belgium Romelu Lukaku 37
87%
2004/05 Australia Tim Cahill 33
87%
2005/06 Australia Tim Cahill 32
87%
2006/07 Australia Tim Cahill 18
87%
2007/08 Australia Tim Cahill 18
87%
2008/09 Australia Tim Cahill 30
87%
2009/10 Australia Tim Cahill 33
87%
2010/11 Australia Tim Cahill 27
87%
2011/12 Australia Tim Cahill 35
87%
2016/17 England Dominic Calvert-Lewin 11
84%
2017/18 England Dominic Calvert-Lewin 32
84%
2018/19 England Dominic Calvert-Lewin 35
84%
2019/20 England Dominic Calvert-Lewin 36
84%
2020/21 England Dominic Calvert-Lewin 33
84%
2021/22 England Dominic Calvert-Lewin 17
84%
2022/23 England Dominic Calvert-Lewin 17
84%
2008/09 Brazil Jo 12
84%
2009/10 Brazil Jo 15
84%
2005/06 Wales Simon Davies 30
84%
2006/07 Wales Simon Davies 15
84%
2015/16 England Tom Davies 2
84%
2016/17 England Tom Davies 24
84%
2017/18 England Tom Davies 33
84%
2018/19 England Tom Davies 16
84%
2019/20 England Tom Davies 30
84%
2020/21 England Tom Davies 25
84%
2021/22 England Tom Davies 6
84%
2022/23 England Tom Davies 19
84%
2018/19 Brazil Richarlison 35
82%
2019/20 Brazil Richarlison 36
82%
2020/21 Brazil Richarlison 34
82%
2021/22 Brazil Richarlison 30
82%
2016/17 Senegal Idrissa Gueye 33
79%
2017/18 Senegal Idrissa Gueye 33
79%
2018/19 Senegal Idrissa Gueye 33
79%
2022/23 Senegal Idrissa Gueye 33
79%
2010/11 Senegal Magaye Gueye 5
79%
2011/12 Senegal Magaye Gueye 17
79%
2012/13 Senegal Magaye Gueye 2
79%
2017/18 England Michael Keane 30
79%
2018/19 England Michael Keane 33
79%
2019/20 England Michael Keane 31
79%
2020/21 England Michael Keane 35
79%
2021/22 England Michael Keane 32
79%
2022/23 England Michael Keane 12
79%
2007/08 England Phil Jagielka 34
79%
2008/09 England Phil Jagielka 34
79%
2009/10 England Phil Jagielka 12
79%
2010/11 England Phil Jagielka 33
79%
2011/12 England Phil Jagielka 30
79%
2012/13 England Phil Jagielka 36
79%
2013/14 England Phil Jagielka 26
79%
2014/15 England Phil Jagielka 37
79%
2015/16 England Phil Jagielka 21
79%
2016/17 England Phil Jagielka 27
79%
2017/18 England Phil Jagielka 25
79%
2018/19 England Phil Jagielka 7
79%
2007/08 South Africa Steven Pienaar 28
79%
2008/09 South Africa Steven Pienaar 28
79%
2009/10 South Africa Steven Pienaar 30
79%
2010/11 South Africa Steven Pienaar 18
79%
2011/12 South Africa Steven Pienaar 14
79%
2012/13 South Africa Steven Pienaar 35
79%
2013/14 South Africa Steven Pienaar 23
79%
2014/15 South Africa Steven Pienaar 9
79%
2015/16 South Africa Steven Pienaar 4
79%
2022/23 England James Tarkowski 38
76%
2012/13 Belgium Kevin Mirallas 27
76%
2013/14 Belgium Kevin Mirallas 32
76%
2014/15 Belgium Kevin Mirallas 29
76%
2015/16 Belgium Kevin Mirallas 23
76%
2016/17 Belgium Kevin Mirallas 35
76%
2017/18 Belgium Kevin Mirallas 5
76%
2002/03 England Leon Osman 2
76%
2003/04 England Leon Osman 4
76%
2004/05 England Leon Osman 29
76%
2005/06 England Leon Osman 35
76%
2006/07 England Leon Osman 34
76%
2007/08 England Leon Osman 28
76%
2008/09 England Leon Osman 34
76%
2009/10 England Leon Osman 26
76%
2010/11 England Leon Osman 26
76%
2011/12 England Leon Osman 30
76%
2012/13 England Leon Osman 36
76%
2013/14 England Leon Osman 38
76%
2014/15 England Leon Osman 21
76%
2015/16 England Leon Osman 9
76%
2006/07 England Andrew Johnson 32
74%
2007/08 England Andrew Johnson 29
74%
2016/17 Wales Ashley Williams 36
74%
2017/18 Wales Ashley Williams 24
74%
1994/95 Scotland Duncan Ferguson 23
74%
1995/96 Scotland Duncan Ferguson 18
74%
1996/97 Scotland Duncan Ferguson 33
74%
1997/98 Scotland Duncan Ferguson 29
74%
1998/99 Scotland Duncan Ferguson 13
74%
2000/01 Scotland Duncan Ferguson 12
74%
2001/02 Scotland Duncan Ferguson 22
74%
2002/03 Scotland Duncan Ferguson 7
74%
2003/04 Scotland Duncan Ferguson 20
74%
2004/05 Scotland Duncan Ferguson 35
74%
2005/06 Scotland Duncan Ferguson 27
74%
1996/97 England Graham Allen 1
74%
1997/98 England Graham Allen 5
74%
2017/18 Iceland Gylfi Sigurdsson 27
74%
2018/19 Iceland Gylfi Sigurdsson 38
74%
2019/20 Iceland Gylfi Sigurdsson 35
74%
2020/21 Iceland Gylfi Sigurdsson 36
74%
2008/09 Belgium Marouane Fellaini 30
74%
2009/10 Belgium Marouane Fellaini 23
74%
2010/11 Belgium Marouane Fellaini 20
74%
2011/12 Belgium Marouane Fellaini 34
74%
2012/13 Belgium Marouane Fellaini 31
74%
2013/14 Belgium Marouane Fellaini 3
74%
2009/10 France Sylvain Distin 29
74%
2010/11 France Sylvain Distin 38
74%
2011/12 France Sylvain Distin 27
74%
2012/13 France Sylvain Distin 34
74%
2013/14 France Sylvain Distin 33
74%
2014/15 France Sylvain Distin 13
74%
2018/19 Colombia Yerry Mina 13
74%
2019/20 Colombia Yerry Mina 29
74%
2020/21 Colombia Yerry Mina 24
74%
2021/22 Colombia Yerry Mina 13
74%
2022/23 Colombia Yerry Mina 7
74%
2019/20 Nigeria Alex Iwobi 25
71%
2020/21 Nigeria Alex Iwobi 30
71%
2021/22 Nigeria Alex Iwobi 28
71%
2022/23 Nigeria Alex Iwobi 38
71%
2022/23 Belgium Amadou Onana 33
71%
1999/00 England Tommy Johnson 3
71%
2008/09 France Louis Saha 24
68%
2009/10 France Louis Saha 33
68%
2010/11 France Louis Saha 22
68%
2011/12 France Louis Saha 18
68%
2004/05 Spain Mikel Arteta 12
68%
2005/06 Spain Mikel Arteta 29
68%
2006/07 Spain Mikel Arteta 35
68%
2007/08 Spain Mikel Arteta 28
68%
2008/09 Spain Mikel Arteta 26
68%
2009/10 Spain Mikel Arteta 13
68%
2010/11 Spain Mikel Arteta 29
68%
2011/12 Spain Mikel Arteta 2
68%
2005/06 England Phil Neville 34
68%
2006/07 England Phil Neville 35
68%
2007/08 England Phil Neville 37
68%
2008/09 England Phil Neville 37
68%
2009/10 England Phil Neville 23
68%
2010/11 England Phil Neville 31
68%
2011/12 England Phil Neville 27
68%
2012/13 England Phil Neville 18
68%
2020/21 Brazil Allan 24
66%
2021/22 Brazil Allan 28
66%
1998/99 England Kevin Campbell 8
66%
1999/00 England Kevin Campbell 26
66%
2000/01 England Kevin Campbell 29
66%
2001/02 England Kevin Campbell 23
66%
2002/03 England Kevin Campbell 36
66%
2003/04 England Kevin Campbell 17
66%
2004/05 England Kevin Campbell 6
66%
2002/03 China Li Tie 29
66%
2003/04 China Li Tie 5
66%
2016/17 England Mason Holgate 18
66%
2017/18 England Mason Holgate 15
66%
2018/19 England Mason Holgate 5
66%
2019/20 England Mason Holgate 27
66%
2020/21 England Mason Holgate 28
66%
2021/22 England Mason Holgate 25
66%
2022/23 England Mason Holgate 8
66%
2021/22 Venezuela Salomon Rondon 20
66%
2022/23 Venezuela Salomon Rondon 7
66%
2021/22 England Demarai Gray 34
63%
2022/23 England Demarai Gray 33
63%
2013/14 England Gareth Barry 32
63%
2014/15 England Gareth Barry 33
63%
2015/16 England Gareth Barry 33
63%
2016/17 England Gareth Barry 33
63%
2006/07 England Joleon Lescott 38
63%
2007/08 England Joleon Lescott 38
63%
2008/09 England Joleon Lescott 36
63%
2009/10 England Joleon Lescott 1
63%
2002/03 Nigeria Joseph Yobo 24
63%
2003/04 Nigeria Joseph Yobo 28
63%
2004/05 Nigeria Joseph Yobo 27
63%
2005/06 Nigeria Joseph Yobo 29
63%
2006/07 Nigeria Joseph Yobo 38
63%
2007/08 Nigeria Joseph Yobo 30
63%
2008/09 Nigeria Joseph Yobo 27
63%
2009/10 Nigeria Joseph Yobo 17
63%
2018/19 France Lucas Digne 35
63%
2019/20 France Lucas Digne 35
63%
2020/21 France Lucas Digne 30
63%
2021/22 France Lucas Digne 13
63%
2016/17 France Morgan Schneiderlin 14
63%
2017/18 France Morgan Schneiderlin 30
63%
2018/19 France Morgan Schneiderlin 14
63%
2019/20 France Morgan Schneiderlin 15
63%
2011/12 England Ross Barkley 6
63%
2012/13 England Ross Barkley 7
63%
2013/14 England Ross Barkley 34
63%
2014/15 England Ross Barkley 29
63%
2015/16 England Ross Barkley 38
63%
2016/17 England Ross Barkley 36
63%
2000/01 Denmark Thomas Gravesen 32
63%
2001/02 Denmark Thomas Gravesen 25
63%
2002/03 Denmark Thomas Gravesen 33
63%
2003/04 Denmark Thomas Gravesen 30
63%
2004/05 Denmark Thomas Gravesen 21
63%
2007/08 Denmark Thomas Gravesen 8
63%
2000/01 England Tony Hibbert 3
63%
2001/02 England Tony Hibbert 10
63%
2002/03 England Tony Hibbert 24
63%
2003/04 England Tony Hibbert 25
63%
2004/05 England Tony Hibbert 36
63%
2005/06 England Tony Hibbert 29
63%
2006/07 England Tony Hibbert 13
63%
2007/08 England Tony Hibbert 24
63%
2008/09 England Tony Hibbert 17
63%
2009/10 England Tony Hibbert 20
63%
2010/11 England Tony Hibbert 20
63%
2011/12 England Tony Hibbert 32
63%
2012/13 England Tony Hibbert 6
63%
2013/14 England Tony Hibbert 1
63%
2014/15 England Tony Hibbert 4
63%
2015/16 England Tony Hibbert 1
63%
2007/08 Nigeria Yakubu 29
63%
2008/09 Nigeria Yakubu 14
63%
2009/10 Nigeria Yakubu 25
63%
2010/11 Nigeria Yakubu 14
63%
2019/20 England Anthony Gordon 11
61%
2020/21 England Anthony Gordon 3
61%
2021/22 England Anthony Gordon 35
61%
2022/23 England Anthony Gordon 16
61%
2002/03 China Li Weifeng 1
61%
1992/93 Wales Neville Southall 40
61%
1993/94 Wales Neville Southall 42
61%
1994/95 Wales Neville Southall 41
61%
1995/96 Wales Neville Southall 38
61%
1996/97 Wales Neville Southall 34
61%
1997/98 Wales Neville Southall 12
61%
2012/13 Scotland Steven Naismith 31
61%
2013/14 Scotland Steven Naismith 31
61%
2014/15 Scotland Steven Naismith 31
61%
2015/16 Scotland Steven Naismith 10
61%
2017/18 England Theo Walcott 14
61%
2018/19 England Theo Walcott 37
61%
2019/20 England Theo Walcott 25
61%
2020/21 England Theo Walcott 1
61%
2020/21 Mali Abdoulaye Doucoure 29
58%
2021/22 Mali Abdoulaye Doucoure 30
58%
2022/23 Mali Abdoulaye Doucoure 25
58%
2018/19 Portugal Andre Gomes 27
58%
2019/20 Portugal Andre Gomes 19
58%
2020/21 Portugal Andre Gomes 28
58%
2021/22 Portugal Andre Gomes 14
58%
2021/22 Ukraine Vitaliy Mykolenko 13
58%
2022/23 Ukraine Vitaliy Mykolenko 34
58%
2014/15 England Aaron Lennon 14
55%
2015/16 England Aaron Lennon 25
55%
2016/17 England Aaron Lennon 11
55%
2017/18 England Aaron Lennon 15
55%
1995/96 Russia Andrei Kanchelskis 32
55%
1996/97 Russia Andrei Kanchelskis 20
55%
2017/18 Turkey Cenk Tosun 14
55%
2018/19 Turkey Cenk Tosun 25
55%
2019/20 Turkey Cenk Tosun 5
55%
2020/21 Turkey Cenk Tosun 5
55%
2021/22 Turkey Cenk Tosun 1
55%
1992/93 England Dave Watson 40
55%
1993/94 England Dave Watson 28
55%
1994/95 England Dave Watson 38
55%
1995/96 England Dave Watson 34
55%
1996/97 England Dave Watson 29
55%
1997/98 England Dave Watson 26
55%
1998/99 England Dave Watson 22
55%
1999/00 England Dave Watson 6
55%
2011/12 Croatia Nikica Jelavic 13
55%
2012/13 Croatia Nikica Jelavic 37
55%
2013/14 Croatia Nikica Jelavic 9
55%
2002/03 England Richard Wright 33
55%
2003/04 England Richard Wright 4
55%
2004/05 England Richard Wright 7
55%
2005/06 England Richard Wright 15
55%
2006/07 England Richard Wright 1
55%
2000/01 England Steve Watson 34
55%
2001/02 England Steve Watson 25
55%
2002/03 England Steve Watson 18
55%
2003/04 England Steve Watson 24
55%
2004/05 England Steve Watson 25
55%
1999/00 Portugal Abel Xavier 20
53%
2000/01 Portugal Abel Xavier 11
53%
2001/02 Portugal Abel Xavier 12
53%
2011/12 Ireland Darron Gibson 11
53%
2012/13 Ireland Darron Gibson 23
53%
2013/14 Ireland Darron Gibson 1
53%
2014/15 Ireland Darron Gibson 9
53%
2015/16 Ireland Darron Gibson 7
53%
1992/93 England David Unsworth 3
53%
1993/94 England David Unsworth 8
53%
1994/95 England David Unsworth 38
53%
1995/96 England David Unsworth 31
53%
1996/97 England David Unsworth 34
53%
1998/99 England David Unsworth 34
53%
1999/00 England David Unsworth 33
53%
2000/01 England David Unsworth 29
53%
2001/02 England David Unsworth 33
53%
2002/03 England David Unsworth 33
53%
2003/04 England David Unsworth 26
53%
1998/99 Scotland David Weir 14
53%
1999/00 Scotland David Weir 35
53%
2000/01 Scotland David Weir 37
53%
2001/02 Scotland David Weir 36
53%
2002/03 Scotland David Weir 31
53%
2003/04 Scotland David Weir 10
53%
2004/05 Scotland David Weir 34
53%
2005/06 Scotland David Weir 33
53%
2006/07 Scotland David Weir 5
53%
2021/22 England Dele Alli 11
53%
2022/23 England Dele Alli 2
53%
2016/17 Ecuador Enner Valencia 21
53%
1996/97 Wales Gary Speed 37
53%
1997/98 Wales Gary Speed 21
53%
2013/14 Ireland James McCarthy 34
53%
2014/15 Ireland James McCarthy 28
53%
2015/16 Ireland James McCarthy 29
53%
2016/17 Ireland James McCarthy 12
53%
2017/18 Ireland James McCarthy 4
53%
2018/19 Ireland James McCarthy 1
53%
2013/14 England John Stones 21
53%
2014/15 England John Stones 23
53%
2015/16 England John Stones 33
53%
2016/17 Netherlands Maarten Stekelenburg 19
53%
2003/04 England Nigel Martyn 34
53%
2004/05 England Nigel Martyn 32
53%
2005/06 England Nigel Martyn 20
53%
1992/93 England Paul Rideout 24
53%
1993/94 England Paul Rideout 24
53%
1994/95 England Paul Rideout 29
53%
1995/96 England Paul Rideout 25
53%
1996/97 England Paul Rideout 10
53%
2001/02 Canada Tomasz Radzinski 27
53%
2002/03 Canada Tomasz Radzinski 30
53%
2003/04 Canada Tomasz Radzinski 34
53%
2009/10 United States Landon Donovan 10
50%
2011/12 United States Landon Donovan 7
50%
1992/93 England Matt Jackson 27
50%
1993/94 England Matt Jackson 38
50%
1994/95 England Matt Jackson 29
50%
1995/96 England Matt Jackson 14
50%
2022/23 Scotland Nathan Patterson 19
50%
2021/22 Bosnia & Herzegovina Asmir Begovic 3
47%
2022/23 Bosnia & Herzegovina Asmir Begovic 1
47%
2020/21 England Ben Godfrey 31
47%
2021/22 England Ben Godfrey 23
47%
2022/23 England Ben Godfrey 13
47%
2000/01 Scotland Gary Naysmith 20
47%
2001/02 Scotland Gary Naysmith 24
47%
2002/03 Scotland Gary Naysmith 28
47%
2003/04 Scotland Gary Naysmith 29
47%
2004/05 Scotland Gary Naysmith 11
47%
2005/06 Scotland Gary Naysmith 7
47%
2006/07 Scotland Gary Naysmith 15
47%
1993/94 England Graham Stuart 30
47%
1994/95 England Graham Stuart 28
47%
1995/96 England Graham Stuart 29
47%
1996/97 England Graham Stuart 35
47%
1997/98 England Graham Stuart 14
47%
2013/14 Spain Joel Robles 2
47%
2014/15 Spain Joel Robles 7
47%
2015/16 Spain Joel Robles 13
47%
2016/17 Spain Joel Robles 20
47%
2009/10 Netherlands John Heitinga 31
47%
2010/11 Netherlands John Heitinga 27
47%
2011/12 Netherlands John Heitinga 30
47%
2012/13 Netherlands John Heitinga 26
47%
2013/14 Netherlands John Heitinga 1
47%
1999/00 Wales Mark Hughes 9
47%
2000/01 Wales Mark Hughes 9
47%
2006/07 England Mark Hughes 1
47%
1996/97 England Paul Gerrard 5
47%
1997/98 England Paul Gerrard 4
47%
1999/00 England Paul Gerrard 34
47%
2000/01 England Paul Gerrard 32
47%
2001/02 England Paul Gerrard 13
47%
2002/03 England Paul Gerrard 2
47%
1999/00 England Stephen Hughes 11
47%
2000/01 England Stephen Hughes 18
47%
1992/93 England Tony Cottee 26
47%
1993/94 England Tony Cottee 39
47%
1994/95 England Tony Cottee 3
47%
2001/02 England Alan Stubbs 31
45%
2002/03 England Alan Stubbs 35
45%
2003/04 England Alan Stubbs 27
45%
2004/05 England Alan Stubbs 31
45%
2005/06 England Alan Stubbs 14
45%
2006/07 England Alan Stubbs 23
45%
2007/08 England Alan Stubbs 8
45%
1993/94 Sweden Anders Limpar 9
45%
1994/95 Sweden Anders Limpar 27
45%
1995/96 Sweden Anders Limpar 28
45%
1996/97 Sweden Anders Limpar 2
45%
2021/22 England Andros Townsend 21
45%
1992/93 England Andy Hinchcliffe 25
45%
1993/94 England Andy Hinchcliffe 26
45%
1994/95 England Andy Hinchcliffe 29
45%
1995/96 England Andy Hinchcliffe 28
45%
1996/97 England Andy Hinchcliffe 18
45%
1997/98 England Andy Hinchcliffe 17
45%
2018/19 Brazil Bernard 34
45%
2019/20 Brazil Bernard 27
45%
2020/21 Brazil Bernard 12
45%
2012/13 Costa Rica Bryan Oviedo 15
45%
2013/14 Costa Rica Bryan Oviedo 9
45%
2014/15 Costa Rica Bryan Oviedo 6
45%
2015/16 Costa Rica Bryan Oviedo 14
45%
2016/17 Costa Rica Bryan Oviedo 6
45%
2022/23 England Dwight McNeil 36
45%
2003/04 Scotland James McFadden 23
45%
2004/05 Scotland James McFadden 23
45%
2005/06 Scotland James McFadden 32
45%
2006/07 Scotland James McFadden 19
45%
2007/08 Scotland James McFadden 12
45%
2011/12 Scotland James McFadden 7
45%
1999/00 United States Joe-Max Moore 15
45%
2000/01 United States Joe-Max Moore 21
45%
2001/02 United States Joe-Max Moore 16
45%
1998/99 Scotland John Collins 20
45%
1999/00 Scotland John Collins 35
45%
2003/04 Ireland Kevin Kilbane 30
45%
2004/05 Ireland Kevin Kilbane 38
45%
2005/06 Ireland Kevin Kilbane 34
45%
2006/07 Ireland Kevin Kilbane 2
45%
2001/02 Ireland Lee Carsley 8
45%
2002/03 Ireland Lee Carsley 24
45%
2003/04 Ireland Lee Carsley 21
45%
2004/05 Ireland Lee Carsley 36
45%
2005/06 Ireland Lee Carsley 5
45%
2006/07 Ireland Lee Carsley 38
45%
2007/08 Ireland Lee Carsley 34
45%
2004/05 England Marcus Bent 37
45%
2005/06 England Marcus Bent 18
45%
1992/93 England Neil Moore 1
45%
1993/94 England Neil Moore 4
45%
1996/97 England Nick Barmby 25
45%
1997/98 England Nick Barmby 30
45%
1998/99 England Nick Barmby 24
45%
1999/00 England Nick Barmby 37
45%
2005/06 Netherlands Andy van der Meyde 10
42%
2006/07 Netherlands Andy van der Meyde 8
42%
2008/09 Netherlands Andy van der Meyde 2
42%
1992/93 Wales Barry Horne 34
42%
1993/94 Wales Barry Horne 32
42%
1994/95 Wales Barry Horne 31
42%
1995/96 Wales Barry Horne 26
42%
2002/03 United States Brian McBride 8
42%
1997/98 England Francis Jeffers 1
42%
1998/99 England Francis Jeffers 15
42%
1999/00 England Francis Jeffers 21
42%
2000/01 England Francis Jeffers 12
42%
2003/04 England Francis Jeffers 18
42%
2004/05 England James Beattie 11
42%
2005/06 England James Beattie 32
42%
2006/07 England James Beattie 33
42%
2014/15 Bosnia & Herzegovina Muhamed Besic 23
42%
2015/16 Bosnia & Herzegovina Muhamed Besic 12
42%
2017/18 Bosnia & Herzegovina Muhamed Besic 2
42%
2022/23 France Neal Maupay 27
42%
1992/93 England Peter Beardsley 39
42%
2015/16 Argentina Ramiro Funes Mori 28
42%
2016/17 Argentina Ramiro Funes Mori 23
42%
2017/18 Argentina Ramiro Funes Mori 4
42%
2014/15 Cameroon Samuel Eto'o 14
42%
1997/98 Norway Thomas Myhre 22
42%
1998/99 Norway Thomas Myhre 38
42%
1999/00 Norway Thomas Myhre 4
42%
2000/01 Norway Thomas Myhre 6
42%
2005/06 Nigeria Victor Anichebe 2
42%
2006/07 Nigeria Victor Anichebe 19
42%
2007/08 Nigeria Victor Anichebe 27
42%
2008/09 Nigeria Victor Anichebe 17
42%
2009/10 Nigeria Victor Anichebe 11
42%
2010/11 Nigeria Victor Anichebe 16
42%
2011/12 Nigeria Victor Anichebe 12
42%
2012/13 Nigeria Victor Anichebe 26
42%
2013/14 Nigeria Victor Anichebe 1
42%
2000/01 Italy Alessandro Pistone 7
39%
2001/02 Italy Alessandro Pistone 25
39%
2002/03 Italy Alessandro Pistone 15
39%
2003/04 Italy Alessandro Pistone 21
39%
2004/05 Italy Alessandro Pistone 33
39%
2005/06 Italy Alessandro Pistone 2
39%
2022/23 England Conor Coady 24
39%
1994/95 Nigeria Daniel Amokachi 18
39%
1995/96 Nigeria Daniel Amokachi 25
39%
2017/18 Netherlands Davy Klaassen 7
39%
2007/08 England Jack Rodwell 2
39%
2008/09 England Jack Rodwell 19
39%
2009/10 England Jack Rodwell 26
39%
2010/11 England Jack Rodwell 24
39%
2011/12 England Jack Rodwell 14
39%
2019/20 England Jarrad Branthwaite 4
39%
2021/22 England Jarrad Branthwaite 6
39%
2000/01 Sweden Niclas Alexandersson 20
39%
2001/02 Sweden Niclas Alexandersson 31
39%
2002/03 Sweden Niclas Alexandersson 7
39%
2000/01 England Paul Gascoigne 14
39%
2001/02 England Paul Gascoigne 18
39%
1996/97 Ireland Richard Dunne 7
39%
1997/98 Ireland Richard Dunne 3
39%
1998/99 Ireland Richard Dunne 16
39%
1999/00 Ireland Richard Dunne 31
39%
2000/01 Ireland Richard Dunne 3
39%
1997/98 Croatia Slaven Bilic 24
39%
1998/99 Croatia Slaven Bilic 4
39%
2013/14 Paraguay Antolin Alcaraz 6
37%
2014/15 Paraguay Antolin Alcaraz 8
37%
2013/14 Cote D'Ivoire Arouna Kone 5
37%
2014/15 Cote D'Ivoire Arouna Kone 12
37%
2015/16 Cote D'Ivoire Arouna Kone 25
37%
2016/17 Cote D'Ivoire Arouna Kone 6
37%
2017/18 Curacao Cuco Martina 21
37%
1996/97 England Danny Cadamarteri 1
37%
1997/98 England Danny Cadamarteri 26
37%
1998/99 England Danny Cadamarteri 30
37%
1999/00 England Danny Cadamarteri 17
37%
2000/01 England Danny Cadamarteri 16
37%
2001/02 England Danny Cadamarteri 3
37%
2009/10 Russia Diniyar Bilyaletdinov 23
37%
2010/11 Russia Diniyar Bilyaletdinov 26
37%
2011/12 Russia Diniyar Bilyaletdinov 10
37%
2020/21 Norway Joshua King 11
37%
1999/00 Wales Mark Pembridge 31
37%
2000/01 Wales Mark Pembridge 21
37%
2001/02 Wales Mark Pembridge 14
37%
2002/03 Wales Mark Pembridge 21
37%
2003/04 Wales Mark Pembridge 4
37%
1996/97 England Michael Ball 5
37%
1997/98 England Michael Ball 25
37%
1998/99 England Michael Ball 37
37%
1999/00 England Michael Ball 25
37%
2000/01 England Michael Ball 29
37%
1999/00 England Steve Simonsen 1
37%
2000/01 England Steve Simonsen 1
37%
2001/02 England Steve Simonsen 25
37%
2002/03 England Steve Simonsen 2
37%
2003/04 England Steve Simonsen 1
37%
2015/16 England Tom Cleverley 22
37%
2016/17 England Tom Cleverley 10
37%
2013/14 Ireland Aiden McGeady 16
34%
2014/15 Ireland Aiden McGeady 16
34%
1997/98 Scotland Don Hutchison 11
34%
1998/99 Scotland Don Hutchison 33
34%
1999/00 Scotland Don Hutchison 31
34%
1992/93 England Gary Ablett 40
34%
1993/94 England Gary Ablett 32
34%
1994/95 England Gary Ablett 26
34%
1995/96 England Gary Ablett 13
34%
2022/23 England James Garner 16
34%
1998/99 Italy Marco Materazzi 27
34%
1992/93 England Mark Ward 19
34%
1993/94 England Mark Ward 27
34%
1997/98 England Mitch Ward 8
34%
1998/99 England Mitch Ward 6
34%
1999/00 England Mitch Ward 10
34%
2005/06 Portugal Nuno Valente 20
34%
2006/07 Portugal Nuno Valente 14
34%
2007/08 Portugal Nuno Valente 9
34%
2008/09 Portugal Nuno Valente 2
34%
1998/99 France Olivier Dacourt 30
34%
2001/02 Sweden Tobias Linderoth 8
34%
2002/03 Sweden Tobias Linderoth 5
34%
2003/04 Sweden Tobias Linderoth 27
34%
2021/22 Netherlands Donny van de Beek 7
32%
2000/01 England Peter Clarke 1
32%
2001/02 England Peter Clarke 7
32%
2003/04 England Peter Clarke 1
32%
1992/93 United States Preki 23
32%
1993/94 United States Preki 23
32%
1999/00 Scotland Richard Gough 29
32%
2000/01 Scotland Richard Gough 9
32%
2020/21 Sweden Robin Olsen 7
32%
2017/18 Spain Sandro Ramirez 8
32%
1998/99 Scotland Scot Gemmill 7
32%
1999/00 Scotland Scot Gemmill 14
32%
2000/01 Scotland Scot Gemmill 28
32%
2001/02 Scotland Scot Gemmill 32
32%
2002/03 Scotland Scot Gemmill 16
32%
2016/17 Nigeria Ademola Lookman 8
29%
2017/18 Nigeria Ademola Lookman 7
29%
2018/19 Nigeria Ademola Lookman 21
29%
1992/93 England Billy Kenny 17
29%
1995/96 England Craig Short 23
29%
1996/97 England Craig Short 23
29%
1997/98 England Craig Short 31
29%
1998/99 England Craig Short 22
29%
2019/20 England Fabian Delph 16
29%
2020/21 England Fabian Delph 8
29%
2021/22 England Fabian Delph 11
29%
2013/14 Spain Gerard Deulofeu 25
29%
2015/16 Spain Gerard Deulofeu 26
29%
2016/17 Spain Gerard Deulofeu 11
29%
2000/01 Israel Idan Tal 22
29%
2001/02 Israel Idan Tal 7
29%
2004/05 England James Vaughan 2
29%
2005/06 England James Vaughan 1
29%
2006/07 England James Vaughan 14
29%
2007/08 England James Vaughan 8
29%
2008/09 England James Vaughan 13
29%
2009/10 England James Vaughan 8
29%
2010/11 England James Vaughan 1
29%
2020/21 Portugal Joao Virginia 1
29%
1992/93 England John Ebbrell 24
29%
1993/94 England John Ebbrell 39
29%
1994/95 England John Ebbrell 26
29%
1995/96 England John Ebbrell 25
29%
1996/97 England John Ebbrell 7
29%
2015/16 England Jonjoe Kenny 1
29%
2016/17 England Jonjoe Kenny 1
29%
2017/18 England Jonjoe Kenny 19
29%
2018/19 England Jonjoe Kenny 10
29%
2020/21 England Jonjoe Kenny 4
29%
2021/22 England Jonjoe Kenny 15
29%
2018/19 France Kurt Zouma 32
29%
1997/98 England Danny Williamson 15
26%
2001/02 France David Ginola 5
26%
1998/99 Cote D'Ivoire Ibrahima Bakayoko 23
26%
2019/20 Cote D'Ivoire Jean-Philippe Gbamin 2
26%
2020/21 Cote D'Ivoire Jean-Philippe Gbamin 1
26%
2021/22 Cote D'Ivoire Jean-Philippe Gbamin 3
26%
2001/02 Sweden Jesper Blomqvist 15
26%
1992/93 England Martin Keown 13
26%
1992/93 Scotland Mo Johnston 13
26%
2017/18 Croatia Nikola Vlasic 12
26%
2015/16 Senegal Oumar Niasse 5
26%
2017/18 Senegal Oumar Niasse 22
26%
2018/19 Senegal Oumar Niasse 5
26%
2019/20 Senegal Oumar Niasse 3
26%
2011/12 Netherlands Royston Drenthe 21
26%
2005/06 Netherlands Sander Westerveld 2
26%
1996/97 Ireland Terry Phelan 15
26%
1997/98 Ireland Terry Phelan 9
26%
1999/00 Ireland Terry Phelan 1
26%
1997/98 England Tony Thomas 7
26%
1998/99 England Tony Thomas 1
26%
2016/17 DR Congo Yannick Bolasie 13
26%
2017/18 DR Congo Yannick Bolasie 16
26%
1998/99 Scotland Alex Cleland 18
24%
1999/00 Scotland Alex Cleland 9
24%
2000/01 Scotland Alex Cleland 5
24%
2001/02 Scotland Alex Cleland 3
24%
2006/07 Brazil Anderson Silva 1
24%
1993/94 England Brett Angell 16
24%
1994/95 England Brett Angell 4
24%
1994/95 England David Burrows 19
24%
2011/12 Argentina Denis Stracqualursi 21
24%
2017/18 France Eliaquim Mangala 2
24%
1997/98 Ireland Gareth Farrelly 26
24%
1998/99 Ireland Gareth Farrelly 1
24%
2005/06 Scotland Iain Turner 3
24%
2006/07 Scotland Iain Turner 1
24%
1994/95 Scotland Ian Durrant 5
24%
2010/11 Jamaica Jermaine Beckford 32
24%
2011/12 Jamaica Jermaine Beckford 2
24%
1994/95 England Joe Parkinson 34
24%
1995/96 England Joe Parkinson 28
24%
1996/97 England Joe Parkinson 28
24%
1997/98 Scotland John Spencer 6
24%
1998/99 Scotland John Spencer 3
24%
2009/10 Australia Lucas Neill 12
24%
1992/93 England Stuart Barlow 26
24%
1993/94 England Stuart Barlow 22
24%
1994/95 England Stuart Barlow 11
24%
1995/96 England Stuart Barlow 3
24%
1994/95 England Vinny Samways 19
24%
1995/96 England Vinny Samways 4
24%
2000/01 Ghana Alex Nyarko 22
21%
2003/04 Ghana Alex Nyarko 11
21%
2010/11 Greece Apostolos Vellios 3
21%
2011/12 Greece Apostolos Vellios 13
21%
2012/13 Greece Apostolos Vellios 6
21%
2014/15 Ghana Christian Atsu 5
21%
2019/20 France Djibril Sidibe 25
21%
1994/95 England Earl Barrett 17
21%
1995/96 England Earl Barrett 8
21%
1996/97 England Earl Barrett 36
21%
1997/98 England Earl Barrett 13
21%
2021/22 England Ellis Simms 1
21%
2022/23 England Ellis Simms 11
21%
2002/03 Norway Espen Baardsen 1
21%
1997/98 England John O'Kane 12
21%
1998/99 England John O'Kane 2
21%
2006/07 Portugal Manuel Fernandes 9
21%
2007/08 Portugal Manuel Fernandes 12
21%
1995/96 Switzerland Marc Hottiger 9
21%
1996/97 Switzerland Marc Hottiger 8
21%
1995/96 England Paul Branch 3
21%
1996/97 England Paul Branch 25
21%
1997/98 England Paul Branch 6
21%
1998/99 England Paul Branch 7
21%
2005/06 Denmark Per Kroldrup 1
21%
1992/93 England Peter Beagrie 22
21%
1993/94 England Peter Beagrie 29
21%
1997/98 England Peter Beagrie 6
21%
2012/13 Germany Thomas Hitzlsperger 7
21%
1994/95 England Tony Grant 5
21%
1995/96 England Tony Grant 13
21%
1996/97 England Tony Grant 18
21%
1997/98 England Tony Grant 7
21%
1998/99 England Tony Grant 16
21%
1999/00 England Tony Grant 2
21%
1997/98 England Carl Tiler 19
18%
1998/99 England Carl Tiler 2
18%
2008/09 England Dan Gosling 11
18%
2009/10 England Dan Gosling 11
18%
1997/98 England Gavin McCann 11
18%
1992/93 England Ian Snodin 20
18%
1993/94 England Ian Snodin 29
18%
1994/95 England Ian Snodin 3
18%
2021/22 Northern Ireland Isaac Price 1
18%
2022/23 Northern Ireland Isaac Price 1
18%
1992/93 Australia Jason Kearton 5
18%
1994/95 Australia Jason Kearton 1
18%
1997/98 Wales John Oster 31
18%
1998/99 Wales John Oster 9
18%
2000/01 England Kevin McLeod 5
18%
2013/14 Cote D'Ivoire Lacina Traore 1
18%
2021/22 England Lewis Dobbin 3
18%
1997/98 France Mickael Madar 17
18%
1998/99 France Mickael Madar 2
18%
2022/23 Portugal Ruben Vinagre 2
18%
2011/12 Ireland Shane Duffy 4
18%
2012/13 Ireland Shane Duffy 1
18%
2022/23 Ireland Thomas Cannon 2
18%
1992/93 England Alan Harper 18
16%
2014/15 Zimbabwe Brendan Galloway 2
16%
2015/16 Zimbabwe Brendan Galloway 15
16%
1996/97 Denmark Claus Thomsen 16
16%
1997/98 Denmark Claus Thomsen 8
16%
2012/13 Slovakia Jan Mucha 2
16%
2002/03 Brazil Juliano Rodrigo 4
16%
2009/10 Switzerland Philippe Senderos 2
16%
2014/15 China Tyias Browning 2
16%
2015/16 China Tyias Browning 5
16%
2010/11 England Adam Forshaw 1
13%
2015/16 England Callum Connolly 1
13%
2008/09 England Jose Baxter 3
13%
2009/10 England Jose Baxter 2
13%
2010/11 England Jose Baxter 1
13%
2011/12 England Jose Baxter 1
13%
1992/93 England Kenny Sansom 7
13%
2008/09 Denmark Lars Jacobsen 5
13%
2001/02 England Nick Chadwick 9
13%
2002/03 England Nick Chadwick 1
13%
2003/04 England Nick Chadwick 3
13%
2004/05 England Nick Chadwick 1
13%
2020/21 France Niels Nkounkou 2
13%
1992/93 England Paul Holmes 4
13%
1993/94 England Paul Holmes 15
13%
1994/95 England Paul Holmes 1
13%
1995/96 England Paul Holmes 1
13%
2021/22 England Tyler Onyango 3
13%
2021/22 Netherlands Anwar El Ghazi 2
11%
2017/18 DR Congo Beni Baningime 8
11%
2011/12 England Conor McAleny 2
11%
2005/06 England John Ruddy 1
11%
2013/14 England Luke Garbutt 1
11%
2014/15 England Luke Garbutt 4
11%
2005/06 Italy Matteo Ferrari 8
11%
2015/16 England Matthew Pennington 4
11%
2016/17 England Matthew Pennington 3
11%
1998/99 Denmark Peter Degn 4
11%
1993/94 England Gary Rowett 2
8%
1994/95 England Gary Rowett 2
8%
1992/93 Northern Ireland Iain Jenkins 1
8%
1998/99 England Jamie Milligan 3
8%
1999/00 England Jamie Milligan 1
8%
2009/10 England Kieran Agard 1
8%
2015/16 England Kieran Dowell 2
8%
1992/93 Poland Robert Warzycha 20
8%
1993/94 Poland Robert Warzycha 7
8%
1996/97 England John Hills 3
5%
1995/96 England Jon O'Connor 4
5%
1997/98 England Jon O'Connor 1
5%
2020/21 Wales Nathan Broadhead 1
5%
1998/99 England Phil Jevons 1
5%
1999/00 England Phil Jevons 3
5%
2000/01 England Phil Jevons 4
5%
2008/09 Ecuador Segundo Castillo 9
5%
2007/08 Germany Stefan Wessels 2
5%
1998/99 England Adam Farley 1
3%
2008/09 England Lukas Jutkiewicz 1
3%
No matching quizzes found
Score Distribution
Percent of People with Each Score
Percentile by Number Answered
Your Score History
You have not taken this quiz